[Event "World Rapid 2018"]
[Site "St Petersburg RUS"]
[Date "2018.12.27"]
[Round "8.33"]
[White "Geller, Jakov"]
[Black "Amonatov, Farrukh"]
[Result "0-1"]
[WhiteTitle "GM"]
[BlackTitle "GM"]
[WhiteElo "2518"]
[BlackElo "2614"]
[WhiteFideId "4151984"]
[BlackFideId "14700077"]
[EventDate "2018.12.26"]

1. e4 c5 2. Nf3 d6 3. d4 cxd4 4. Nxd4 Nf6 5. Nc3 a6 6. Be3 e5 7. Nb3 Be7 8. f3
Be6 9. Qd2 O-O 10. O-O-O Nbd7 11. g4 b5 12. g5 Nh5 13. Kb1 Rc8 14. Nd5 Bxd5 15.
exd5 f5 16. gxf6 Bxf6 17. Bh3 Nf4 18. Bxf4 exf4 19. Rhe1 Rc4 20. Bxd7 Qxd7 21.
a3 Rfc8 22. c3 b4 23. axb4 Qa4 24. Qe2 Bxc3 25. Rc1 h6 26. Nc5 dxc5 27. Qe6+ Kh7
28. Qf5+ g6 29. Qxc8 Bxb2 30. Rxc4 Bg7 31. Re7 Qd1+ 32. Ka2 Qa1+ 33. Kb3 Qb2+ 0-1

[Event "World Rapid 2018"]
[Site "St Petersburg RUS"]
[Date "2018.12.27"]
[Round "8.34"]
[White "Fridman, Daniel"]
[Black "Indjic, Aleksandar"]
[Result "1-0"]
[WhiteTitle "GM"]
[BlackTitle "GM"]
[WhiteElo "2633"]
[BlackElo "2620"]
[WhiteFideId "11600454"]
[BlackFideId "911925"]
[EventDate "2018.12.26"]

1. Nf3 c5 2. c4 Nf6 3. Nc3 Nc6 4. g3 g6 5. Bg2 Bg7 6. O-O O-O 7. d4 cxd4 8. Nxd4
Qa5 9. e3 d6 10. Qd2 Bd7 11. b3 Rac8 12. Bb2 Nxd4 13. exd4 b5 14. cxb5 Bxb5 15.
Rfd1 Qb6 16. Nxb5 Qxb5 17. d5 Rc7 18. Rac1 Rfc8 19. Rc6 Nxd5 20. Rxc7 Nxc7 21.
Bxg7 Kxg7 22. Rc1 Qb8 23. Qc3+ Kg8 24. Qc6 d5 25. Bf1 Kg7 26. Ba6 Nxa6 27. Qxc8
Qb5 28. a3 e5 29. b4 Qa4 30. Qc3 d4 31. Qd3 Nb8 32. Rc7 Qe8 33. Qc4 Nd7 34. Qc6 1-0

[Event "World Rapid 2018"]
[Site "St Petersburg RUS"]
[Date "2018.12.27"]
[Round "8.36"]
[White "Levin, Evgeny A."]
[Black "Melkumyan, Hrant"]
[Result "0-1"]
[WhiteTitle "GM"]
[BlackTitle "GM"]
[WhiteElo "2516"]
[BlackElo "2670"]
[WhiteFideId "4182596"]
[BlackFideId "13302485"]
[EventDate "2018.12.26"]

1. d4 e6 2. c4 b6 3. e4 Bb4+ 4. Bd2 Bxd2+ 5. Qxd2 Ne7 6. Nc3 d5 7. cxd5 exd5 8.
exd5 O-O 9. Bc4 Ba6 10. Qd3 Bb7 11. Nf3 Nxd5 12. Nxd5 Bxd5 13. O-O Nc6 14. Bxd5
Qxd5 15. Rfc1 Rac8 16. Qc3 Ne7 17. Qa3 Nf5 18. Qxa7 Nxd4 19. Nxd4 Qxd4 20. Qa3
Rfd8 21. Qb3 g6 22. Rd1 Qf6 23. g3 c5 24. a4 Re8 25. Qc2 h5 26. h4 Re6 27. Re1
Rxe1+ 28. Rxe1 Kg7 29. Qc3 Qxc3 30. bxc3 Ra8 31. Re4 Kf6 32. Kf1 Kf5 33. Rf4+
Ke6 34. Ke2 f5 35. Kd3 Kd5 36. Rc4 Re8 37. Rf4 Re1 38. c4+ Kd6 39. Kc2 Ra1 40.
Kb3 Rb1+ 41. Kc3 Rb4 42. Rf3 Rxa4 43. Rd3+ Ke6 44. Re3+ Kf6 45. Kb3 Rb4+ 46. Kc3
Rb1 47. f4 Rd1 48. Kb3 Rd4 49. Kc3 Re4 50. Rd3 Ke6 51. Kb3 Rd4 52. Re3+ Kd6 53.
Kc3 Re4 54. Rd3+ Kc6 55. Kb3 b5 56. cxb5+ Kxb5 57. Kc2 Ra4 58. Rb3+ Kc6 59. Re3
Re4 60. Ra3 Kd5 61. Rd3+ Kc6 62. Ra3 Re6 63. Rd3 Kb5 64. Rb3+ Kc4 65. Rc3+ Kd4
66. Rd3+ Ke4 67. Kd2 Ra6 68. Re3+ Kd4 69. Rd3+ Kc4 70. Rc3+ Kb4 71. Kd3 Rd6+ 72.
Kc2 c4 73. Re3 Ra6 74. Kb2 c3+ 75. Kc1 Kb3 76. Kb1 Ra2 0-1

[Event "World Rapid 2018"]
[Site "St Petersburg RUS"]
[Date "2018.12.27"]
[Round "8.37"]
[White "Anisimov, Pavel2"]
[Black "Grachev, Boris"]
[Result "0-1"]
[WhiteTitle "IM"]
[BlackTitle "GM"]
[WhiteElo "2533"]
[BlackElo "2626"]
[WhiteFideId "4135229"]
[BlackFideId "4129199"]
[EventDate "2018.12.26"]

1. d4 d5 2. Bf4 c5 3. e3 Nc6 4. Nf3 cxd4 5. exd4 Bf5 6. c3 e6 7. Qb3 Qd7 8. Bb5
f6 9. Bg3 g5 10. h3 h5 11. c4 a6 12. Bxc6 Qxc6 13. c5 h4 14. Bh2 Ne7 15. Nc3 Be4
16. Nxe4 dxe4 17. Nd2 Nf5 18. O-O Nxd4 19. Qd1 Rd8 20. Re1 Nf5 21. b4 Rd4 22.
Qc2 g4 23. hxg4 e3 24. Nf1 Rxg4 25. Nxe3 Nxe3 26. fxe3 Rhg8 27. Re2 h3 28. e4
Rxg2+ 29. Kh1 Qb5 30. Rf2 Qxb4 31. Raf1 Rxf2 32. Qxf2 Qxe4+ 33. Qf3 Qxf3+ 34.
Rxf3 f5 35. Bg1 Kd7 36. Rb3 Kc7 37. Rxh3 Kc6 38. Re3 Rxg1+ 0-1

[Event "World Rapid 2018"]
[Site "St Petersburg RUS"]
[Date "2018.12.27"]
[Round "8.38"]
[White "Bocharov, Ivan"]
[Black "Popov, Valerij"]
[Result "1-0"]
[WhiteTitle "IM"]
[BlackTitle "GM"]
[WhiteElo "2563"]
[BlackElo "2532"]
[WhiteFideId "4180887"]
[BlackFideId "4119410"]
[EventDate "2018.12.26"]

1. e4 e6 2. d4 d5 3. Nd2 h6 4. Ngf3 Nf6 5. Bd3 c5 6. e5 Nfd7 7. c3 b6 8. Qe2 a5
9. O-O Ba6 10. c4 Bb7 11. b3 cxd4 12. cxd5 Bxd5 13. Nxd4 Bb4 14. Nc4 Bc3 15.
Nd6+ Kf8 16. Ba3 Nc5 17. Be4 Bxd4 18. Bxd5 exd5 19. Rad1 Nc6 20. Qf3 Qd7 21.
Qxd5 Re8 22. Rfe1 Rxe5 23. Rxe5 Bxe5 24. Nc4 Qxd5 25. Rxd5 Bc7 26. Bxc5+ bxc5
27. Rxc5 Ke7 28. Rxc6 Kd7 29. Ra6 Re8 30. Kf1 Re4 31. Nxa5 Rd4 32. Nc4 Rd1+ 33.
Ke2 Rc1 34. Ne3 Rb1 35. h4 h5 36. Nc4 Rc1 37. Ne3 Rb1 38. Kd3 g6 39. Ra4 Bb6 40.
Rb4 Bc5 41. Rc4 Kd6 42. Rc2 Ba7 43. Kc4 Rg1 44. Kb5 Rh1 45. g3 Re1 46. a4 Bxe3
47. fxe3 Rxe3 48. b4 Rxg3 49. a5 g5 50. hxg5 h4 51. a6 Rxg5+ 52. Kb6 h3 53. a7 1-0

[Event "World Rapid 2018"]
[Site "St Petersburg RUS"]
[Date "2018.12.27"]
[Round "8.39"]
[White "Demchenko, Anton"]
[Black "Tari, Aryan"]
[Result "0-1"]
[WhiteTitle "GM"]
[BlackTitle "GM"]
[WhiteElo "2679"]
[BlackElo "2620"]
[WhiteFideId "4160258"]
[BlackFideId "1510045"]
[EventDate "2018.12.26"]

1. e4 c6 2. d4 d5 3. Nd2 dxe4 4. Nxe4 Bf5 5. Ng3 Bg6 6. Nf3 e6 7. Bd3 Nf6 8. O-O
Be7 9. Re1 O-O 10. Bxg6 hxg6 11. Qe2 c5 12. dxc5 Bxc5 13. Ne4 Be7 14. Nxf6+ Bxf6
15. c3 Nc6 16. Bf4 Qa5 17. Nd2 Rad8 18. Nc4 Qf5 19. Bg3 Be7 20. a4 Rd7 21. b4 a6
22. Rab1 b5 23. axb5 axb5 24. Ne3 Qh5 25. Qc2 Rc8 26. Qe4 Bf6 27. Rec1 Ne7 28.
c4 Rd4 29. Qb7 bxc4 30. b5 c3 31. b6 c2 32. Qxc8+ Nxc8 33. b7 cxb1=Q 34. Rxb1
Ne7 35. b8=Q+ Kh7 36. Qe8 Nf5 37. Qxf7 Nxe3 38. fxe3 Rd1+ 39. Rxd1 Qxd1+ 40. Kf2
Bc3 41. Bc7 Qe1+ 0-1

[Event "World Rapid 2018"]
[Site "St Petersburg RUS"]
[Date "2018.12.27"]
[Round "8.40"]
[White "Ponkratov, Pavel"]
[Black "Vokhidov, Shamsiddin"]
[Result "0-1"]
[WhiteTitle "GM"]
[BlackTitle "IM"]
[WhiteElo "2630"]
[BlackElo "2480"]
[WhiteFideId "4157800"]
[BlackFideId "14204223"]
[EventDate "2018.12.26"]

1. d4 d5 2. c4 e6 3. g3 dxc4 4. Bg2 c5 5. Nf3 Nc6 6. Na3 cxd4 7. Nxc4 Bc5 8. O-O
Nge7 9. a3 a5 10. Qc2 O-O 11. Rd1 f6 12. e3 e5 13. Ncxe5 fxe5 14. Ng5 Ng6 15. h4
Ba7 16. Qc4+ Kh8 17. Nf7+ Rxf7 18. Qxf7 Bg4 19. f3 Qd7 20. Qxd7 Bxd7 21. e4 Be6
22. Bf1 Bb3 23. Rd2 Nf8 24. Rd3 a4 25. Bd2 Ne6 26. Bb4 Bc2 27. Rd2 d3+ 28. Kg2
Be3 29. Rxd3 Bxd3 30. Bxd3 Nxb4 31. axb4 Nd4 32. Ra3 Bc1 33. Rc3 Bxb2 34. Rc7 b5
35. Bb1 Ba3 0-1

[Event "World Rapid 2018"]
[Site "St Petersburg RUS"]
[Date "2018.12.27"]
[Round "8.41"]
[White "Van Foreest, Jorden"]
[Black "Grigoriants, Sergey"]
[Result "1/2-1/2"]
[WhiteTitle "GM"]
[BlackTitle "GM"]
[WhiteElo "2614"]
[BlackElo "2540"]
[WhiteFideId "1039784"]
[BlackFideId "4130804"]
[EventDate "2018.12.26"]

1. e4 c6 2. d4 d5 3. e5 Bf5 4. Nf3 e6 5. Be2 Ne7 6. O-O Bg6 7. Nbd2 c5 8. dxc5
Nec6 9. Nb3 Nd7 10. Be3 a6 11. c4 dxc4 12. Bxc4 Be7 13. Nbd4 Nxd4 14. Nxd4 Nxc5
15. f4 O-O 16. f5 exf5 17. Nxf5 Ne6 18. Qb3 Bxf5 19. Rxf5 Nd4 20. Bxf7+ Kh8 21.
Bxd4 Qxd4+ 22. Kh1 Qe4 23. Raf1 Rad8 24. Qh3 Qe2 25. Qf3 Qxf3 26. R5xf3 Rd2 27.
Bb3 Rxf3 28. gxf3 Rxb2 29. Rc1 h5 30. f4 Rf2 31. Rc8+ Kh7 32. Bc2+ g6 33. Rc7
Kh6 34. Bd3 Bh4 35. e6 Rf3 36. Rd7 Re3 37. Bc4 b5 38. Bd5 Rd3 39. Kg2 b4 40. Kf1
Rd2 41. Kg1 a5 42. Bb3 Rxd7 1/2-1/2

[Event "World Rapid 2018"]
[Site "St Petersburg RUS"]
[Date "2018.12.27"]
[Round "8.42"]
[White "Ragger, Markus"]
[Black "Ghaem Maghami, Ehsan"]
[Result "1/2-1/2"]
[WhiteTitle "GM"]
[BlackTitle "GM"]
[WhiteElo "2687"]
[BlackElo "2537"]
[WhiteFideId "1610856"]
[BlackFideId "12500739"]
[EventDate "2018.12.26"]

1. e4 c6 2. d4 d5 3. exd5 cxd5 4. Bd3 Nc6 5. c3 Nf6 6. h3 g6 7. Bf4 Bf5 8. Be2
Bg7 9. Nf3 O-O 10. O-O a6 11. Nbd2 b5 12. Bh2 Qb6 13. a3 Rfe8 14. Ne5 Nxe5 15.
Bxe5 Bh6 16. Nb3 Nd7 17. Bh2 Qc6 18. Na5 Qb6 19. Nb3 Qc6 20. Bf3 Nb6 21. Nc5 e5
22. b4 exd4 1/2-1/2

[Event "World Rapid 2018"]
[Site "St Petersburg RUS"]
[Date "2018.12.27"]
[Round "8.43"]
[White "Inarkiev, Ernesto"]
[Black "Christiansen, Johan-Sebastian"]
[Result "1-0"]
[WhiteTitle "GM"]
[BlackTitle "GM"]
[WhiteElo "2693"]
[BlackElo "2555"]
[WhiteFideId "4162722"]
[BlackFideId "1512668"]
[EventDate "2018.12.26"]

1. c4 e5 2. Nc3 Bb4 3. Nd5 Bc5 4. e3 Nf6 5. b4 Nxd5 6. bxc5 Nf6 7. Bb2 Qe7 8.
Nf3 Nc6 9. d4 exd4 10. Nxd4 Qxc5 11. Nb5 O-O 12. Bxf6 gxf6 13. Qd5 Qb4+ 14. Qd2
Qe7 15. Nc3 Kg7 16. Nd5 Qe5 17. Rd1 Ne7 18. f4 Qd6 19. Qc3 Re8 20. Kf2 c6 21.
Nxe7 Qxe7 22. g4 Kg8 23. Rg1 d5 24. cxd5 cxd5 25. Rxd5 Be6 26. Rh5 Rad8 27. g5
Qd6 28. gxf6+ Kh8 29. Rg7 Bf5 30. Rxf5 Qd1 31. Be2 Rd2 32. Qc4 1-0

[Event "World Rapid 2018"]
[Site "St Petersburg RUS"]
[Date "2018.12.27"]
[Round "8.44"]
[White "Gutenev, Alexander"]
[Black "Rakhmanov, Aleksandr"]
[Result "1/2-1/2"]
[WhiteTitle "IM"]
[BlackTitle "GM"]
[WhiteElo "2456"]
[BlackElo "2629"]
[WhiteFideId "4195540"]
[BlackFideId "4173708"]
[EventDate "2018.12.26"]

1. e4 c5 2. Nc3 Nc6 3. Nf3 Nd4 4. Bd3 g6 5. Nxd4 cxd4 6. Ne2 Bg7 7. O-O e6 8. c3
dxc3 9. dxc3 Ne7 10. Bf4 Qb6 11. Qb3 Qc5 12. Be3 Qc7 13. Qa3 Nc6 14. Nd4 Bf8 15.
Nb5 Qe5 16. Qa4 Qb8 17. c4 a6 18. Nc3 Bg7 19. Qa3 b5 20. cxb5 axb5 21. Qc5 b4
22. Nb5 Bf8 23. Qb6 Bd6 24. Nxd6+ Qxd6 25. Rfd1 Rb8 26. Qc5 Qxc5 27. Bxc5 f5 28.
Bd6 Ra8 29. Bb5 Bb7 30. e5 Ra5 31. Bxc6 Bxc6 32. Bxb4 Ra4 33. Rd4 Kf7 34. a3 Rb8
35. Rc1 g5 36. f3 f4 37. Kf2 Kg6 38. g3 fxg3+ 39. Kxg3 Rf8 40. f4 h5 41. b3 Rxf4
42. Rxf4 gxf4+ 43. Kxf4 Ra8 44. Rg1+ Kf7 45. Rg5 Bd5 46. Rxh5 Bxb3 47. Rh7+ Kg6
48. Rxd7 Rh8 49. Rd3 Bd5 50. Rg3+ Kf7 51. h3 Rh5 52. Bd6 Bc4 53. Ke3 Ke8 54. Rf3
Bd5 55. Rg3 Rh4 56. Rg7 Rxh3+ 57. Kd4 Rf3 58. Bb4 Rf7 59. Rxf7 Kxf7 60. Kc5 Ke8
61. Kb6 Kd7 62. a4 Kc8 63. Bd6 Be4 64. a5 Bd5 65. a6 Be4 66. Kc5 1/2-1/2

[Event "World Rapid 2018"]
[Site "St Petersburg RUS"]
[Date "2018.12.27"]
[Round "8.45"]
[White "Pershin, Denis"]
[Black "Roiz, Michael"]
[Result "1/2-1/2"]
[BlackTitle "GM"]
[WhiteElo "2400"]
[BlackElo "2605"]
[WhiteFideId "24165506"]
[BlackFideId "2804158"]
[EventDate "2018.12.26"]

1. d4 Nf6 2. Nc3 d5 3. Bf4 e6 4. Nb5 Na6 5. e3 Ne4 6. Bd3 c6 7. Bxe4 cxb5 8. Bd3
Bd7 9. c3 b4 10. c4 dxc4 11. Bxc4 Rc8 12. Bb3 Bc6 13. Nf3 Bd6 14. Ne5 O-O 15.
Nxc6 bxc6 16. Qd3 Bxf4 17. Qxa6 Bb8 18. O-O Qb6 1/2-1/2

[Event "World Rapid 2018"]
[Site "St Petersburg RUS"]
[Date "2018.12.27"]
[Round "8.46"]
[White "Najer, Evgeniy"]
[Black "Al-Sayed, Mohammed"]
[Result "1/2-1/2"]
[WhiteTitle "GM"]
[BlackTitle "GM"]
[WhiteElo "2670"]
[BlackElo "2484"]
[WhiteFideId "4118987"]
[BlackFideId "12100196"]
[EventDate "2018.12.26"]

1. e4 c5 2. Nf3 Nc6 3. Bb5 g6 4. O-O Bg7 5. c3 Nf6 6. Qa4 O-O 7. Re1 Ne8 8. d4
cxd4 9. cxd4 Nc7 10. d5 Nxb5 11. Qxb5 Qa5 12. Qe2 Nd4 13. Nxd4 Bxd4 14. Bd2 Qb6
15. Bc3 d6 16. Qd2 Bxc3 17. Nxc3 f6 18. Re3 Bd7 19. Rg3 Rac8 20. h4 Qc5 21. Rc1
a5 22. Kh2 Kg7 23. h5 b5 24. Re3 gxh5 25. Ne2 Qb4 26. Rcc3 Rxc3 27. bxc3 Qc5 28.
Rg3+ Kf7 29. Qh6 Ke8 30. Nf4 Qxf2 31. Nxh5 Rh8 32. Qg7 Rf8 33. Qh6 Rh8 34. Qg7
Rf8 35. Qxh7 Kd8 36. Qh6 Re8 37. Ng7 Rg8 38. Qh7 Rf8 39. a3 Qa2 40. Qh6 Rg8 41.
Qh7 Rf8 42. Qh6 Rg8 43. Qh7 Rf8 44. Qh6 1/2-1/2

[Event "World Rapid 2018"]
[Site "St Petersburg RUS"]
[Date "2018.12.27"]
[Round "8.47"]
[White "Sychev, Klementy"]
[Black "Le, Quang Liem"]
[Result "1/2-1/2"]
[WhiteTitle "IM"]
[BlackTitle "GM"]
[WhiteElo "2537"]
[BlackElo "2714"]
[WhiteFideId "4114060"]
[BlackFideId "12401137"]
[EventDate "2018.12.26"]

1. c4 Nf6 2. Nf3 c5 3. Nc3 Nc6 4. g3 d5 5. cxd5 Nxd5 6. Bg2 Nc7 7. O-O e5 8. a3
Rb8 9. d3 Be7 10. Nd2 Bd7 11. Nc4 b5 12. Bxc6 Bxc6 13. Nxe5 Ba8 14. e4 O-O 15.
Be3 Ne6 16. Rc1 a6 17. f4 Qd6 18. Qe2 Rbd8 19. Rcd1 Nd4 20. Qf2 f5 21. Bxd4 cxd4
22. Nd5 Bxd5 23. exd5 Qxd5 24. Qg2 Bf6 25. Rfe1 Rfe8 26. Nc6 Qxg2+ 27. Kxg2 Rc8
28. Rxe8+ Rxe8 29. Kf2 Kf7 30. Rc1 Re3 31. Rd1 Re6 32. Rc1 Ke8 33. Re1 Re3 34.
Nb4 Kf7 35. Rd1 Re6 36. Rc1 Be7 37. Nd5 Rd6 38. Nxe7 Kxe7 39. Rc7+ Kf6 40. b4 h6
41. h4 h5 42. Kf3 Re6 43. Kf2 Re3 44. Ra7 Rxd3 45. Rxa6+ Kf7 46. Rb6 Rxa3 47.
Rxb5 g6 48. Rd5 d3 49. b5 Ke6 50. Rd4 Rb3 51. b6 Rxb6 1/2-1/2

[Event "World Rapid 2018"]
[Site "St Petersburg RUS"]
[Date "2018.12.27"]
[Round "8.48"]
[White "Reshetnikov, Alexey"]
[Black "Mamedov, Rauf"]
[Result "0-1"]
[WhiteTitle "IM"]
[BlackTitle "GM"]
[WhiteElo "2492"]
[BlackElo "2703"]
[WhiteFideId "4162080"]
[BlackFideId "13401653"]
[EventDate "2018.12.26"]

1. c4 c5 2. Nc3 Nc6 3. g3 g6 4. Bg2 Bg7 5. e3 Nf6 6. Nge2 h5 7. h3 d6 8. d4 Bd7
9. O-O Qc8 10. Kh2 Rb8 11. b3 a6 12. Bb2 b5 13. cxb5 axb5 14. dxc5 h4 15. g4
dxc5 16. g5 Nh5 17. f4 c4 18. bxc4 bxc4 19. Qd2 O-O 20. Nd1 e5 21. Bc3 Qc7 22.
Qe1 exf4 23. Nxf4 Ng3 24. Rf2 Ne5 25. Nd5 Qd6 26. Nf6+ Bxf6 27. Rxf6 Be6 28. Kg1
Nd3 29. Qd2 Qc5 30. Nf2 Qxg5 31. Kh2 Rfd8 32. Rg1 Ne5 0-1

[Event "World Rapid 2018"]
[Site "St Petersburg RUS"]
[Date "2018.12.27"]
[Round "8.49"]
[White "Sanal, Vahap"]
[Black "Morozevich, Alexander"]
[Result "1-0"]
[WhiteTitle "GM"]
[BlackTitle "GM"]
[WhiteElo "2490"]
[BlackElo "2656"]
[WhiteFideId "6300545"]
[BlackFideId "4116992"]
[EventDate "2018.12.26"]

1. e4 c5 2. Nf3 g6 3. d4 cxd4 4. Nxd4 Nf6 5. Nc3 d6 6. Be3 Bg7 7. f3 Nc6 8. Qd2
O-O 9. O-O-O d5 10. exd5 Nxd5 11. Nxc6 bxc6 12. Bd4 Bxd4 13. Qxd4 Qb6 14. Na4
Qc7 15. Bc4 Rd8 16. Bb3 Bf5 17. Qc5 Rab8 18. g3 Rb5 19. Qf2 Qa5 20. g4 Be6 21.
c4 Nb4 22. Rxd8+ Qxd8 23. Rd1 Nd3+ 24. Rxd3 Qxd3 25. cxb5 Bxb3 26. axb3 Qxb3 27.
Nc3 cxb5 28. Qxa7 b4 29. Qb8+ Kg7 30. Qe5+ Kg8 31. Qd5 1-0

[Event "World Rapid 2018"]
[Site "St Petersburg RUS"]
[Date "2018.12.27"]
[Round "8.50"]
[White "Dreev, Aleksey"]
[Black "Potapov, Pavel"]
[Result "0-1"]
[WhiteTitle "GM"]
[BlackTitle "GM"]
[WhiteElo "2670"]
[BlackElo "2516"]
[WhiteFideId "4100107"]
[BlackFideId "4169786"]
[EventDate "2018.12.26"]

1. d4 f5 2. c4 Nf6 3. Nc3 d6 4. Bg5 Nbd7 5. e3 e6 6. Bd3 Be7 7. Nge2 Ng4 8. Bxe7
Qxe7 9. h3 Ngf6 10. Qc2 b6 11. Nb5 Nf8 12. c5 dxc5 13. dxc5 bxc5 14. Rc1 a6 15.
Qa4 Kf7 16. O-O Ng6 17. Na3 Bb7 18. Nc4 Rhd8 19. Rfd1 Ne4 20. Na5 Bd5 21. f3 Ng5
22. f4 Nxh3+ 23. gxh3 Qh4 24. e4 Qxh3 25. Kf2 Nh4 26. exd5 Rxd5 27. Be4 fxe4 28.
Rxd5 e3+ 29. Ke1 Qh1+ 30. Ng1 Qxg1+ 31. Ke2 Qf2+ 32. Kd1 e2+ 33. Kc2 e1=Q+ 34.
Kb1 exd5 35. Qd7+ Kf8 36. Qxd5 Re8 37. Nb3 Qe4+ 0-1

[Event "World Rapid 2018"]
[Site "St Petersburg RUS"]
[Date "2018.12.27"]
[Round "8.51"]
[White "Teterev, Vitaly"]
[Black "Pantsulaia, Levan"]
[Result "0-1"]
[WhiteTitle "GM"]
[BlackTitle "GM"]
[WhiteElo "2486"]
[BlackElo "2597"]
[WhiteFideId "13501429"]
[BlackFideId "13602071"]
[EventDate "2018.12.26"]

1. Nf3 c5 2. e4 e6 3. d3 Nc6 4. g3 Nf6 5. Bg2 d6 6. O-O Be7 7. Re1 O-O 8. c3 Bd7
9. a3 Rc8 10. Nbd2 Ne5 11. Nxe5 dxe5 12. Nc4 Qc7 13. f4 exf4 14. Bxf4 Qd8 15.
Nd6 Rc6 16. Nc4 Ra6 17. a4 Bc6 18. Ne5 Be8 19. Qb3 Rb6 20. Qc2 h6 21. Nc4 Ra6
22. Red1 Qc8 23. b3 Bc6 24. Qe2 Rd8 25. d4 b5 26. axb5 Bxb5 27. d5 exd5 28. exd5
Rxa1 29. Rxa1 Bf8 30. Rd1 a5 31. Qa2 g5 32. Bc1 a4 33. bxa4 Ba6 34. Ne3 Re8 35.
Qc2 Ng4 36. Re1 Ne5 37. c4 Nxc4 38. Qf2 Ne5 39. Nf5 Nd3 40. Rxe8 Qxe8 41. Qe3
Qxa4 42. d6 Qd1+ 43. Bf1 Nxc1 0-1

[Event "World Rapid 2018"]
[Site "St Petersburg RUS"]
[Date "2018.12.27"]
[Round "8.52"]
[White "Yudin, Sergei"]
[Black "Kryakvin, Dmitry"]
[Result "1-0"]
[WhiteTitle "GM"]
[BlackTitle "GM"]
[WhiteElo "2507"]
[BlackElo "2588"]
[WhiteFideId "4159659"]
[BlackFideId "4153278"]
[EventDate "2018.12.26"]

1. e4 c6 2. d4 d5 3. exd5 cxd5 4. Bd3 Nc6 5. c3 Nf6 6. h3 g6 7. Nf3 Bf5 8. O-O
Bxd3 9. Qxd3 Bg7 10. Bf4 O-O 11. Nbd2 Re8 12. Rfe1 Nd7 13. Qb5 Nb6 14. a4 a6 15.
Qb3 Na5 16. Qc2 Nbc4 17. Nf1 Rc8 18. h4 Qb6 19. b4 Nc6 20. Qd3 Rcd8 21. Ne3 Nxe3
22. Rxe3 Rc8 23. Rae1 e6 24. h5 Ne7 25. hxg6 Nxg6 26. Bg3 Bh6 27. Ne5 Bxe3 28.
Qxe3 Qd8 29. Qh6 Qf6 30. Re3 Qg7 31. Qh5 f6 32. Ng4 Kh8 33. a5 Rc6 34. Nxf6 Rf8
35. Ng4 Nf4 36. Bxf4 Rxf4 37. Ne5 Rf5 38. Qh4 Rxe5 39. Rxe5 Rxc3 40. Rxe6 Rc8
41. Re7 Qg6 42. Qf4 Kg8 43. Rxb7 Rf8 44. Qe5 1-0

[Event "World Rapid 2018"]
[Site "St Petersburg RUS"]
[Date "2018.12.27"]
[Round "8.53"]
[White "Adly, Ahmed"]
[Black "Anikonov, Dmitry"]
[Result "1-0"]
[WhiteTitle "GM"]
[BlackTitle "FM"]
[WhiteElo "2626"]
[BlackElo "2371"]
[WhiteFideId "10601619"]
[BlackFideId "24178012"]
[EventDate "2018.12.26"]

1. Nf3 Nf6 2. d4 e6 3. g3 c5 4. Bg2 cxd4 5. Nxd4 d5 6. O-O e5 7. Nb3 Be6 8. Nc3
h6 9. f4 e4 10. f5 Bc8 11. Bf4 Nc6 12. Kh1 Be7 13. Nb5 O-O 14. Qd2 Bxf5 15. Bxh6
Bg6 16. Bg5 Qd7 17. Rad1 Rad8 18. Nc3 Qc8 19. Bxf6 Bxf6 20. Rxf6 gxf6 21. Nxd5
Qe6 22. c4 Ne5 23. Nd4 Rxd5 24. cxd5 Qxd5 25. Qf4 Nd3 26. Rxd3 1-0

[Event "World Rapid 2018"]
[Site "St Petersburg RUS"]
[Date "2018.12.27"]
[Round "8.54"]
[White "Maghsoodloo, Parham"]
[Black "Vallejo Pons, Francisco"]
[Result "0-1"]
[WhiteTitle "GM"]
[BlackTitle "GM"]
[WhiteElo "2688"]
[BlackElo "2695"]
[WhiteFideId "12539929"]
[BlackFideId "2205530"]
[EventDate "2018.12.26"]

1. Nf3 d5 2. g3 Nd7 3. Bg2 e5 4. d3 Ngf6 5. O-O Bd6 6. Nbd2 O-O 7. e4 c6 8. Re1
Re8 9. a4 a5 10. h3 Bc7 11. b3 Nf8 12. Bb2 Ng6 13. Nf1 h6 14. N3h2 d4 15. Bc1 b5
16. h4 Bd7 17. h5 Nf8 18. f4 bxa4 19. bxa4 c5 20. f5 c4 21. Nd2 c3 22. Nc4 Rb8
23. g4 N8h7 24. Bh3 Ng5 25. Kg2 Rb4 26. Nf3 Nfxe4 27. Rxe4 Nxe4 28. dxe4 Rxc4
29. g5 Rc6 30. Qe1 hxg5 31. Bxg5 f6 32. Bc1 Kf7 33. Qg3 Rg8 34. Rb1 Bd6 35. Rb5
Ke7 36. Rd5 Qb8 37. Kh2 Qb1 38. h6 Qxc2+ 39. Bg2 Qxc1 40. h7 Qh6+ 0-1

[Event "World Rapid 2018"]
[Site "St Petersburg RUS"]
[Date "2018.12.27"]
[Round "8.55"]
[White "Kovalev, Vladislav"]
[Black "Nozdrachev, Vladislav"]
[Result "1-0"]
[WhiteTitle "GM"]
[BlackTitle "IM"]
[WhiteElo "2683"]
[BlackElo "2486"]
[WhiteFideId "13504398"]
[BlackFideId "24113441"]
[EventDate "2018.12.26"]

1. e4 e5 2. Nf3 Nc6 3. Nc3 Bc5 4. Nxe5 Nxe5 5. d4 Bd6 6. dxe5 Bxe5 7. f4 Bxc3+
8. bxc3 Qe7 9. Bd3 d5 10. e5 Qh4+ 11. g3 Qh3 12. Bf1 Qe6 13. Bg2 Ne7 14. Ba3 Qc6
15. Qd2 Be6 16. O-O g6 17. Qd3 Nf5 18. Rab1 O-O-O 19. c4 Qa6 20. Rfd1 c6 21.
cxd5 Qxd3 22. Rxd3 Bxd5 23. Bxd5 Rxd5 24. Rxd5 cxd5 25. Kf2 h5 26. Rd1 Kd7 27.
Rxd5+ Ke6 28. Rc5 Rd8 29. Rc7 Rd2+ 30. Kg1 b5 31. Bb4 Re2 32. a3 a6 33. c4 bxc4
34. Rxc4 Kd5 35. Rc7 Ke4 36. Rxf7 Kf3 37. Rc7 Ne3 38. Rc1 h4 39. gxh4 Nd5 40. h5
gxh5 41. f5 Rxe5 42. Rf1+ Ke3 43. Re1+ Kd4 44. Bc5+ 1-0

[Event "World Rapid 2018"]
[Site "St Petersburg RUS"]
[Date "2018.12.27"]
[Round "8.56"]
[White "Kobo, Ori"]
[Black "Salgado Lopez, Ivan"]
[Result "1-0"]
[WhiteTitle "GM"]
[BlackTitle "GM"]
[WhiteElo "2494"]
[BlackElo "2629"]
[WhiteFideId "2812320"]
[BlackFideId "2257327"]
[EventDate "2018.12.26"]

1. Nf3 c5 2. c4 Nc6 3. d4 cxd4 4. Nxd4 Nf6 5. Nc3 e6 6. g3 Qb6 7. Ndb5 Ne5 8.
Bg2 a6 9. Na4 Qd8 10. Nd6+ Bxd6 11. Qxd6 Nxc4 12. Qc5 d5 13. b3 Bd7 14. bxc4
Bxa4 15. cxd5 Nxd5 16. O-O Qd7 17. Ba3 Rc8 18. Qd4 f6 19. Bf3 b5 20. Rac1 Bc2
21. Qd2 b4 22. Rxc2 Rxc2 23. Qxc2 bxa3 24. Rd1 O-O 25. e4 Qc7 26. Qb3 Rb8 27.
Qxa3 Nc3 28. Rc1 Rc8 29. Kg2 a5 30. Qb3 Qc4 31. Qb7 Qc7 32. Qa6 Kf7 33. Bh5+ Ke7
34. Bg4 Qc6 35. Qxa5 Qxe4+ 36. Bf3 Qd4 37. Qa6 Rc7 38. a4 e5 39. Qa8 f5 40. Qh8
e4 41. Bh5 Rb7 42. Qe8+ Kf6 43. Qc6+ Kg5 44. Qxb7 Kxh5 45. Qc8 Nd1 46. Qxf5+ Kh6
47. Qf4+ 1-0